000 01098nam a22002057a 4500
999 _c59085
_d59085
003 Ge_BSU
005 20221122142712.0
008 221122s1979ge xxu||||| |||| 00| 0 geo d
041 _ageo
080 _a821.14'01-13 ჰ-80
100 _aჰომეროსი, ავტ.
_915985
245 _aილიადა /
_c ჰიმეროსი, [ძველბერძნულიდან თარგმნა, წინასიტყვ. და შენიშვნები დაურთო რ. მიმინოშვილმა ; რედ. ბ. ბრეგვაძე]
264 _aთბილისი :
_bსაბჭოთა საქართველო,
_c1979.
300 _a570 გვ. ;
_b20 სმ.
440 _aმსოფლიო ლიტერატურის ბიბლიოთეკა ; ტ. 2. 1 სერია
_915986
653 _aილიადა
700 _aმიმინოშვილი, რ
_eმთარგმნელი
_915987
700 _aბრეგვაძე, ბ
_eრედაქტორი
_915988
942 _2udc
_cBK